|
|
|
|
| LEADER |
00000nam0a2200000 4500 |
| 001 |
331404 |
| 005 |
20231102004344.0 |
| 035 |
|
|
|a (RuTPU)RU\TPU\book\357231
|
| 090 |
|
|
|a 331404
|
| 100 |
|
|
|a 20170424d1936 m y0rusy50 ca
|
| 101 |
0 |
|
|a rus
|
| 102 |
|
|
|a RU
|
| 105 |
|
|
|a a j 000zy
|
| 200 |
1 |
|
|a Подсобный курс машиностроительного черчения для ВТУЗов. Ортогональные проекции в таблицах
|f сост. И. Г. Попов
|
| 210 |
|
|
|a Москва
|c ОНТИ
|d 1936
|
| 215 |
|
|
|a 33 табл.
|c ил.
|
| 606 |
1 |
|
|a Машиностроительное черчение
|2 stltpush
|3 (RuTPU)RU\TPU\subj\41536
|9 61326
|
| 610 |
1 |
|
|a детали
|
| 610 |
1 |
|
|a сборочные чертежи
|
| 610 |
1 |
|
|a ортогональные проекции
|
| 610 |
1 |
|
|a учебные пособия
|
| 610 |
1 |
|
|a вспомогательные таблицы
|
| 675 |
|
|
|a 744:621(07)
|v 4
|
| 702 |
|
1 |
|a Попов
|b И. Г.
|4 220
|
| 801 |
|
1 |
|a RU
|b 63413507
|c 20170424
|
| 801 |
|
2 |
|a RU
|b 63413507
|c 20170616
|g RCR
|
| 942 |
|
|
|c BK
|